[Event "US Masters op"]
[Site "Charlotte"]
[Date "2022.11.25"]
[Round "4"]
[White "Schitco, Ivan"]
[Black "Bodek, Michael H"]
[Result "1/2-1/2"]
[WhiteElo "2532"]
[BlackElo "2427"]
[PlyCount "101"]
[EventDate "2022.11.23"]
[EventType "swiss"]
[EventRounds "9"]
[EventCountry "USA"]
[SourceTitle "CBM 211 Extra"]
[Source "ChessBase"]
[SourceDate "2023.01.31"]
[SourceVersion "1"]
[SourceVersionDate "2023.01.31"]
[SourceQuality "1"]

1. c4 e6 2. Nc3 Nf6 3. e4 c5 4. e5 Ng8 5. Nf3 Nc6 6. d4 cxd4 7. Nxd4 Nxe5 8. Ndb5 a6 9. Nd6+ Bxd6 10. Qxd6 f6 11. Be3 Ne7 12. Bb6 Nf5 13. Qb4 Nc6 14. Qc5 d6 15. Bxd8 dxc5 16. Bb6 Ne5 17. Bxc5 g5 18. Be2 h5 19. 0-0 Bd7 20. b4 Kf7 21. a4 Rac8 22. Ne4 Ng6 23. Rfe1 Bc6 24. Nd6+ Nxd6 25. Bxd6 Nh4 26. Bf1 Nf5 27. Bc5 a5 28. bxa5 Bxa4 29. Bb6 Bc6 30. Rad1 Rhe8 31. Rd2 g4 32. Rd3 Re7 33. h3 Rd7 34. Rxd7+ Bxd7 35. Be2 Rg8 36. hxg4 hxg4 37. f3 g3 38. Bd3 Ne7 39. Bc7 Bc6 40. Rb1 e5 41. Be4 Bxe4 42. fxe4 Rg4 43. Rxb7 Rxe4 44. Kf1 Nc6 45. a6 Rf4+ 46. Ke1 Rxc4 47. a7 Nxa7 48. Rxa7 Kg6 49. Bd8 f5 50. Ra6+ Kh5 51. Ra5 1/2-1/2

[Event "US Masters op"]
[Site "Charlotte"]
[Date "2022.11.24"]
[Round "3"]
[White "Bodek, Michael H"]
[Black "Macieja, Bartlomiej"]
[Result "1/2-1/2"]
[WhiteElo "2427"]
[BlackElo "2514"]
[PlyCount "82"]
[EventDate "2022.11.23"]
[EventType "swiss"]
[EventRounds "9"]
[EventCountry "USA"]
[SourceTitle "CBM 211 Extra"]
[Source "ChessBase"]
[SourceDate "2023.01.31"]
[SourceVersion "1"]
[SourceVersionDate "2023.01.31"]
[SourceQuality "1"]

1. e4 c5 2. Nf3 Nc6 3. Nc3 g6 4. d4 cxd4 5. Nxd4 Bg7 6. Be3 Nf6 7. Bc4 0-0 8. Bb3 d6 9. h3 Na5 10. 0-0 b6 11. Qd3 Bb7 12. Rad1 Rc8 13. f3 Qc7 14. Rf2 Nc4 15. Ndb5 Nxb2 16. Nxc7 Nxd3 17. cxd3 Rxc7 18. Nb5 Rd7 19. Nxa7 Bxe4 20. dxe4 Rxa7 21. Bxb6 Ra6 22. Be3 Rc8 23. Rc1 Rxc1+ 24. Bxc1 Nd7 25. Be3 Nc5 26. Rc2 h5 27. Bc4 Ra3 28. Bf2 Nd3 29. Bxd3 Rxd3 30. Kf1 f5 31. Ke2 fxe4 32. fxe4 Ra3 33. Be3 Ra4 34. Kd3 Ra3+ 35. Ke2 Kf7 36. Bc1 Ra4 37. Kd3 Ke6 38. a3 Rd4+ 39. Ke3 Ra4 40. Kd3 Rd4+ 41. Ke3 Ra4 1/2-1/2

[Event "Titled Tuesday intern op 13th Sep Early"]
[Site "Chess.com INT"]
[Date "2022.09.13"]
[Round "9"]
[White "Bodek, Michael H"]
[Black "Ismayil, Malak"]
[Result "0-1"]
[WhiteElo "2427"]
[BlackElo "1941"]
[PlyCount "106"]
[EventDate "2022.09.13"]
[EventType "swiss (blitz)"]
[EventRounds "11"]
[EventCountry "USA"]
[SourceTitle "EXT 2023"]
[Source "ChessBase"]
[SourceDate "2022.10.05"]
[SourceVersion "1"]
[SourceVersionDate "2022.10.05"]
[SourceQuality "1"]

1. c4 e5 2. g3 Nf6 3. Bg2 d5 4. cxd5 Nxd5 5. Nc3 Nxc3 6. bxc3 Nc6 7. Rb1 Bc5 8. Nf3 0-0 9. Qa4 Bb6 10. 0-0 Bf5 11. d3 h6 12. Ba3 Re8 13. e4 Bg4 14. Qd1 Qf6 15. h3 Bxf3 16. Qxf3 Qe6 17. Qe2 Rad8 18. Kh1 Rd7 19. f4 f6 20. f5 Qf7 21. Bf3 g6 22. fxg6 Qg7 23. Bg4 Rdd8 24. Bf5 Ne7 25. Qh5 Rxd3 26. Bc1 Nxf5 27. exf5 Rxg3 28. Bxh6 Qd7 29. Rf3 Qd5 30. Rbf1 Rxf3 31. Qxf3 Qxf3+ 32. Rxf3 Rd8 33. h4 e4 34. Rf1 Rd3 35. Kh2 Rxc3 36. h5 Rc2+ 37. Kh3 Bd4 38. Bf4 c5 39. Re1 e3 40. Bxe3 Rc3 41. Kg4 Rxe3 42. Rh1 Re4+ 43. Kf3 Re5 44. Kf4 Be3+ 45. Kg4 Bh6 46. Rd1 Re4+ 47. Kg3 Rd4 48. Re1 Kf8 49. Re6 Bg5 50. h6 Bxh6 51. Rxf6+ Kg8 52. Rf7 Rb4 53. Rc7 Bf4+ 0-1

[Event "Charlotte CCCSA Spring GM-A"]
[Site "Charlotte"]
[Date "2022.03.19"]
[Round "7"]
[White "Liang, Jason"]
[Black "Bodek, Michael H"]
[Result "0-1"]
[WhiteElo "2419"]
[BlackElo "2418"]
[PlyCount "63"]
[EventDate "2022.03.16"]
[EventType "tourn"]
[EventRounds "9"]
[EventCountry "USA"]
[EventCategory "8"]
[SourceTitle "CBM 207 Extra"]
[Source "ChessBase"]
[SourceDate "2022.05.31"]
[SourceVersion "1"]
[SourceVersionDate "2022.05.31"]
[SourceQuality "1"]

1. e4 g6 2. d4 Bg7 3. Nc3 c6 4. Be3 d5 5. e5 f6 6. f4 Nh6 7. Nf3 Bg4 8. h3 Bxf3 9. Qxf3 fxe5 10. fxe5 Nf5 11. g4 Nxe3 12. Qxe3 e6 13. h4 c5 14. Nb5 0-0 15. 0-0-0 a6 16. Nd6 cxd4 17. Qb3 Bxe5 18. Nxb7 Qc7 19. g5 Ra7 20. Qh3 Rxb7 21. Qxe6+ Kh8 22. Bd3 Nd7 23. Qxd5 Bf4+ 24. Kb1 Rxb2+ 25. Kxb2 Rb8+ 26. Qb3 Rxb3+ 27. axb3 Qc3+ 28. Ka2 Bd6 29. h5 Ne5 30. Rc1 Qa5+ 31. Kb1 Bb4 32. Rcf1 0-1

[Event "Speed Chess GP2"]
[Site "Chess.com INT"]
[Date "2021.09.25"]
[Round "4"]
[White "Bodek, Michael H"]
[Black "Iturrizaga Bonelli, Eduardo"]
[Result "0-1"]
[WhiteElo "2397"]
[BlackElo "2613"]
[PlyCount "66"]
[EventDate "2021.09.25"]
[EventType "swiss (blitz)"]
[EventRounds "10"]
[EventCountry "USA"]
[SourceTitle "CBM 204 Extra"]
[Source "ChessBase"]
[SourceDate "2021.11.30"]
[SourceVersion "1"]
[SourceVersionDate "2021.11.30"]
[SourceQuality "1"]

1. e4 c5 2. Nf3 g6 3. d4 cxd4 4. Nxd4 Nc6 5. Nc3 Bg7 6. Be3 Nf6 7. Bc4 0-0 8. Bb3 a5 9. f3 d6 10. Qd2 Nxd4 11. Bxd4 Be6 12. g4 Qd7 13. Ba4 Qc8 14. h4 h6 15. 0-0-0 Rb8 16. h5 g5 17. f4 gxf4 18. Qxf4 Nh7 19. Bxg7 Kxg7 20. e5 dxe5 21. Qxe5+ f6 22. Qe4 Kh8 23. Rde1 Ng5 24. Qg6 Rf7 25. Qxh6+ Rh7 26. Qg6 Bxg4 27. Qd3 Bf5 28. Qe3 b5 29. Rhg1 bxa4 30. Rxg5 fxg5 31. Qe5+ Kg8 32. Rg1 g4 33. Ne4 Rb4 0-1

[Event "Speed Chess GP2"]
[Site "Chess.com INT"]
[Date "2021.09.25"]
[Round "2"]
[White "Bodek, Michael H"]
[Black "Rasulov, Vugar Ural Oglu"]
[Result "0-1"]
[WhiteElo "2397"]
[BlackElo "2465"]
[PlyCount "74"]
[EventDate "2021.09.25"]
[EventType "swiss (blitz)"]
[EventRounds "10"]
[EventCountry "USA"]
[SourceTitle "CBM 204 Extra"]
[Source "ChessBase"]
[SourceDate "2021.11.30"]
[SourceVersion "1"]
[SourceVersionDate "2021.11.30"]
[SourceQuality "1"]

1. e4 c5 2. Nf3 d6 3. d4 cxd4 4. Nxd4 Nf6 5. Nc3 a6 6. h3 e6 7. g4 h6 8. Bg2 g5 9. h4 Rg8 10. Be3 Nbd7 11. f3 Ne5 12. Qe2 b5 13. a4 b4 14. Na2 Rb8 15. Nc1 Qc7 16. Nd3 Be7 17. hxg5 hxg5 18. Nxe5 dxe5 19. Nb3 Bd7 20. Bf1 a5 21. Qf2 Bc6 22. Bd3 Nd7 23. Rh7 Nf8 24. Rh6 Ng6 25. Qh2 Nf4 26. Bxf4 gxf4 27. Rh8 Rf8 28. Rxf8+ Bxf8 29. Qe2 Be7 30. Bb5 Kf8 31. Bxc6 Qxc6 32. Nxa5 Qc5 33. Nc4 b3 34. c3 Qg1+ 35. Qf1 Bh4+ 36. Ke2 Qh2+ 37. Kd3 Qc2# 0-1

[Event "Speed Chess GP1"]
[Site "Chess.com INT"]
[Date "2021.09.18"]
[Round "5"]
[White "Bodek, Michael H"]
[Black "Cori Tello, Deysi Estella"]
[Result "1-0"]
[WhiteElo "2397"]
[BlackElo "2382"]
[PlyCount "97"]
[EventDate "2021.09.18"]
[EventType "swiss (blitz)"]
[EventRounds "10"]
[EventCountry "USA"]
[SourceTitle "CBM 204 Extra"]
[Source "ChessBase"]
[SourceDate "2021.11.30"]
[SourceVersion "1"]
[SourceVersionDate "2021.11.30"]
[SourceQuality "1"]

1. e4 e6 2. d4 d5 3. exd5 exd5 4. Nf3 Nc6 5. Bb5 Bd6 6. c4 dxc4 7. d5 a6 8. Ba4 b5 9. dxc6 bxa4 10. 0-0 Ne7 11. Nbd2 Be6 12. Qxa4 Bd5 13. Nxc4 Bxf3 14. gxf3 0-0 15. Nxd6 Qxd6 16. Bf4 Qg6+ 17. Kh1 Qh5 18. Qe4 Rfe8 19. Rfe1 h6 20. Bg3 Ng6 21. Qg4 Qd5 22. Bxc7 Qxc6 23. Bg3 Qd5 24. b3 h5 25. Qa4 Qxf3+ 26. Kg1 Rxe1+ 27. Rxe1 h4 28. Bxh4 Nf4 29. Qe4 Qxe4 30. Rxe4 Ne6 31. Ra4 Nc5 32. Ra5 Nb7 33. Rd5 Rc8 34. Be7 f6 35. Rd7 Na5 36. b4 Nc6 37. Bc5 a5 38. a3 axb4 39. Bxb4 Ne5 40. Rd1 Rc2 41. Ra1 Nd3 42. Be1 Re2 43. Kf1 Re4 44. Bd2 Rh4 45. Kg2 Rg4+ 46. Kf3 Ra4 47. Ke3 Ne5 48. Bb4 Nc6 49. Rb1 1-0

[Event "Speed Chess GP1"]
[Site "Chess.com INT"]
[Date "2021.09.18"]
[Round "6"]
[White "Tasdogen, Dincer"]
[Black "Bodek, Michael H"]
[Result "1-0"]
[WhiteElo "2301"]
[BlackElo "2397"]
[PlyCount "63"]
[EventDate "2021.09.18"]
[EventType "swiss (blitz)"]
[EventRounds "10"]
[EventCountry "USA"]
[SourceTitle "CBM 204 Extra"]
[Source "ChessBase"]
[SourceDate "2021.11.30"]
[SourceVersion "1"]
[SourceVersionDate "2021.11.30"]
[SourceQuality "1"]

1. Nf3 d5 2. g3 Nc6 3. d4 Bg4 4. Bg2 Qd7 5. h3 Bxf3 6. Bxf3 f5 7. e3 Nf6 8. Nd2 e5 9. c4 exd4 10. cxd5 Nxd5 11. Nb3 Bb4+ 12. Kf1 Ne5 13. Nxd4 0-0-0 14. Bg2 g5 15. Qb3 Bc5 16. Nxf5 Qxf5 17. Bxd5 Rxd5 18. Qxd5 Rd8 19. g4 Qf6 20. Qe4 Nf3 21. Kg2 Nh4+ 22. Kg3 Kb8 23. f4 Qa6 24. Rd1 Bd6 25. Kf2 Rf8 26. f5 h5 27. Bd2 hxg4 28. hxg4 Qb5 29. Bc3 Nxf5 30. gxf5 Rxf5+ 31. Kg1 a6 32. Rxd6 1-0

[Event "Calgary op"]
[Site "Calgary"]
[Date "2016.08.01"]
[Round "9"]
[White "Bodek, Michael H"]
[Black "Haessel, Dale R"]
[Result "1/2-1/2"]
[WhiteElo "2408"]
[BlackElo "2187"]
[PlyCount "108"]
[EventDate "2016.07.27"]
[EventType "swiss"]
[EventRounds "9"]
[EventCountry "CAN"]
[SourceTitle "CBM 173 Extra"]
[Source "ChessBase"]
[SourceDate "2016.08.29"]
[SourceVersion "1"]
[SourceVersionDate "2016.08.29"]
[SourceQuality "1"]

1. e4 e5 2. Nf3 Nc6 3. Bc4 Bc5 4. c3 Nf6 5. d3 d6 6. 0-0 0-0 7. Bb3 a6 8. Nbd2 Be6 9. Nc4 Ba7 10. Qe2 h6 11. Ne3 Qd7 12. Nh4 d5 13. Nef5 dxe4 14. dxe4 Bxb3 15. axb3 Rfd8 16. Qf3 Qd3 17. Nxh6+ Kf8 18. Bg5 Qxe4 19. Qxe4 Nxe4 20. Bxd8 Rxd8 21. Ng4 g5 22. Nf5 Rd2 23. Rae1 Nd6 24. Nxd6 cxd6 25. Rd1 Rxb2 26. Rxd6 Rxb3 27. Rd7 Rxc3 28. Rxb7 Bd4 29. Nf6 a5 30. Nh7+ Kg8 31. Nxg5 a4 32. h4 a3 33. h5 Rg3 34. Nxf7 a2 35. h6 Ra3 36. h7+ Kxh7 37. Nxe5+ Kg8 38. Nxc6 a1Q 39. Rxa1 Rxa1+ 40. Kh2 Bxf2 41. g4 Ra6 42. Ne5 Ra7 43. Rb5 Kg7 44. Kg2 Be3 45. Kf3 Bd4 46. Nc6 Rf7+ 47. Kg2 Bf6 48. Kg3 Rc7 49. Rb6 Rf7 50. Ra6 Rd7 51. g5 Bxg5 52. Ne5 Re7 53. Rg6+ Kh7 54. Rxg5 Rg7 1/2-1/2